000 00469nam a2200181Ia 4500
001 17817
005 20260306171545.0
008 260306s9999||||xx |||||||||||||| ||und||
041 _aESP
082 _a658.3
_bA37 T. 3
100 _aAlcázar García, Manuel
_eAUT
245 0 _aGobierno de personas en la empresa:
_bpersonas y organizaciones
260 _c2019
300 _a342 páginas :
_c24 cm.
650 _aGEN
654 _aCAN
942 _cLIB
_dJUS
_fJUS
_2ddc
_n
999 _c17817
_d17817